000 00792pam a2200265 a 4500
999 _c4669
_d4669
001 4669
003 BD-JhCC
005 20171129180817.0
008 810728s1982 azua b 001 0 eng
020 _a0912700793 (pbk.)
035 _a(BD-JhCC)4669
040 _aDLC
_cDLC
_dDLC
_d(BD-JhCC)
041 _aeng
050 0 0 _aZ683
_b.A44
082 0 0 _a025.1/1
_219
_bALL 1982
100 1 _aAlley, Brian.
245 1 0 _aKeeping track of what you spend :
_bthe librarian's guide to simple bookkeeping /
_cby Brian Alley and Jennifer Cargill.
260 _aPhoenix, AZ :
_bOryx Press,
_c1982.
300 _axii, 96 p. :
_bill. ;
_c28 cm.
500 _aIncludes index.
504 _aBibliography: p. [89]
650 0 _aLibraries
_xAccounting.
700 1 _aCargill, Jennifer S.
942 _2ddc
_cBK